Artificial history of natural intelligence : (Record no. 1429849)

MARC details
000 -LEADER
fixed length control field 00578nam a2200193Ia 4500
005 - DATE AND TIME OF LATEST TRANSACTION
control field 20250522104310.0
008 - FIXED-LENGTH DATA ELEMENTS--GENERAL INFORMATION
fixed length control field 008 250516s9999 xx 000 0 eng d
020 ## - INTERNATIONAL STANDARD BOOK NUMBER
International Standard Book Number 9780226832104
040 ## - CATALOGING SOURCE
Original cataloging agency SDCL
Language of cataloging eng
Transcribing agency SDCL
041 ## - LANGUAGE CODE
Language code of text/sound track or separate title eng
Source of code eng
084 ## - COLON CLASSIFICATION NUMBER
Classification number S:72, R4
Assigning agency SDCL
100 ## - MAIN ENTRY--PERSONAL NAME
Personal name Bates, David W.
9 (RLIN) 809763
245 #0 - TITLE STATEMENT
Title Artificial history of natural intelligence :
Remainder of title Thinking with machines from descartes to the digital age
260 ## - PUBLICATION, DISTRIBUTION, ETC.
Place of publication, distribution, etc. London:
Name of publisher, distributor, etc. University of Chicago Press,
Date of publication, distribution, etc. 2024.
300 ## - PHYSICAL DESCRIPTION
Extent 394p.
365 ## - TRADE PRICE
Price type code USD
Price amount 45
650 ## - SUBJECT ADDED ENTRY--TOPICAL TERM
Topical term or geographic name entry element Philosophy
942 ## - ADDED ENTRY ELEMENTS (KOHA)
Koha item type Textual
Holdings
Withdrawn status Lost status Damaged status Not for loan Home library Current library Date acquired Source of acquisition Inventory number Total Checkouts Full call number Barcode Date last seen Price effective from Koha item type
        South Campus Library South Campus Library 2025-05-22 Pioneer Book Distributor 70, 27/12/2024   S:72, R4 SC1690875 2025-05-22 2025-05-22 Textual
Copyright @ Delhi University Library System